00696 2200217 4500001002100000005001700021008004100038035002400079040001200103082001200115090002300127100002500150245006900175250001800244260002700262300002900289500009100318650003300409850001200442990002400454YOGYA-0209000005617820090227033649.0 ind  0010-020900000056178 aYOPDYOG a001.642 aDEP 001.642bLum A aLUMANTARNA, Benyamin aAnalisis struktur dengan cara fleksibilitascBenjamin Lumantarna aEd. 1, cet. 1 aYogyakartabAndic1999 avi, 139 hlmbilusc23 cm aDiterbitkan atas kerjasama dengan Univ. Kristen Petra SurabayabBibliografi : hlm. 135 aAnalisis struktur (komputer) aYOPDYOG a1999-326 h CB-D. 11